000 00697nam a2200217Ii 4500
003 JO-AjNU
008 230605s9999||||xx |||||||||||||| ||und||
017 _a2006/2/367
040 _aJO-AjNU
_bara
_erda
_cJO-AjNU
041 _aara
050 1 4 _aBP179.R37 2006
100 3 _aردايدة، أحمد حسن شحادة,
_eauthor
_939985
245 0 0 _aرسالة الصيام حقيقتها أحكامها بعض من عبرها
250 _aط1
264 3 1 _aاربد: المؤلف، 2006
300 _a159ص
336 _atext
_btxt
_2rdacontent
337 _aunmediated
_bn
_2rdamedia
338 _avolume
_bnc
_2rdacarrier
650 4 _aالصوم- الاسلام- العبادات
_939986
999 _aA16932
_c20500
_d20500